Normal view
MARC view
- Sankar Das Sarna
Entry Personal Name
001 - CONTROL NUMBER
- control field: 127452
003 - CONTROL NUMBER IDENTIFIER
- control field: NUST
005 - DATE AND TIME OF LATEST TRANSACTION
- control field: 20250110094830.0
008 - FIXED-LENGTH DATA ELEMENTS
- fixed length control field: 250110|| aca||aabn | a|a d
040 ## - CATALOGING SOURCE
- Original cataloging agency: NUST
- Transcribing agency: NUST
100 ## - HEADING--PERSONAL NAME
- Personal name: Sankar Das Sarna
670 ## - SOURCE DATA FOUND
- Source citation: Work cat.: (NUST): Sankar Das Sarna, Perspectives in quantum Hall effects, 1997.
